Sustainable dimensions of tourism management / (Record no. 17094)

MARC details
000 -LEADER
fixed length control field 00766nam a22002177a 4500
005 - DATE AND TIME OF LATEST TRANSACTION
control field 20081020104541.0
008 - FIXED-LENGTH DATA ELEMENTS--GENERAL INFORMATION
fixed length control field 081020t xxu||||| |||| 00| 0 eng d
010 ## - LIBRARY OF CONGRESS CONTROL NUMBER
LC control number ENG-84130
020 ## - INTERNATIONAL STANDARD BOOK NUMBER
International Standard Book Number 8183241298
020 ## - INTERNATIONAL STANDARD BOOK NUMBER
Terms of availability 595.00 (hb)
035 ## - SYSTEM CONTROL NUMBER
System control number EN-67663
082 ## - DEWEY DECIMAL CLASSIFICATION NUMBER
Classification number 338.4791068 / BIJ
100 ## - MAIN ENTRY--PERSONAL NAME
Personal name Biju, M R
245 ## - TITLE STATEMENT
Title Sustainable dimensions of tourism management /
Statement of responsibility, etc by M R Biju
260 ## - PUBLICATION, DISTRIBUTION, ETC. (IMPRINT)
Place of publication, distribution, etc New Delhi
Name of publisher, distributor, etc Mittal Publications
260 ## - PUBLICATION, DISTRIBUTION, ETC. (IMPRINT)
Date of publication, distribution, etc 2006
300 ## - PHYSICAL DESCRIPTION
Extent xviii,261p
Dimensions 22cm
500 ## - GENERAL NOTE
General note Includes bibliographical references and index
942 ## - ADDED ENTRY ELEMENTS (KOHA)
Source of classification or shelving scheme Dewey Decimal Classification
Koha item type English Books
Classification part 338.4791068
Call number suffix BIJ
Holdings
Withdrawn status Lost status Source of classification or shelving scheme Damaged status Not for loan Home library Current library Date acquired Cost, normal purchase price Total Checkouts Full call number Barcode Date last seen Cost, replacement price Price effective from Koha item type
    Dewey Decimal Classification   Not For Loan D.B.Act.Division D.B.Act.Division 26/02/2007 595.00   338.4791068 BIJ EN-67663 21/10/2008 595.00 21/10/2008 English Books

© Delhi Public Library
Hit Counter
free hit counter